[Event "Abu Dhabi Festival Open"]
[Site "Abu Dhabi UAE"]
[Date "2009.08.15"]
[Round "4"]
[White "Rakhmanov, Ale"]
[Black "Sturua, Z."]
[Result "1-0"]
[WhiteElo "2559"]
[BlackElo "2513"]
[PlyCount "127"]
[EventDate "2009.08.12"]
[EventType "swiss"]
[EventRounds "9"]
[EventCountry "UAE"]
[Source "Mark Crowther"]
[SourceDate "2009.08.17"]

1. d4 d5 2. c4 e6 3. Nc3 Be7 4. Nf3 Nf6 5. Bg5 h6 6. Bxf6 Bxf6 7. e3 O-O 8.
cxd5 exd5 9. Qb3 c6 10. Bd3 Qe7 11. h3 Be6 12. O-O Rc8 13. Rac1 Rc7 14. Rfe1
Nd7 15. Bb1 Nf8 16. Ne2 Qd6 17. Nf4 Re8 18. a3 g6 19. Qc3 Rec8 20. Qd2 Bg7 21.
Qa5 b6 22. Qa6 c5 23. dxc5 Rxc5 24. Rxc5 Rxc5 25. Qe2 Bd7 26. Qd2 Bc6 27. Nd4
Bb7 28. Rd1 a6 29. Ba2 Nd7 30. Nde2 Nf6 31. Nc3 Kh7 32. Bxd5 Nxd5 33. Nfxd5 b5
34. e4 Rc4 35. Qe2 Qe6 36. f3 Qc8 37. Ne3 Rc5 38. Ncd5 Qe6 39. Qd2 h5 40. Rc1
Rxc1+ 41. Qxc1 Qe5 42. Qc3 Qd4 43. Kf1 Bxd5 44. exd5 Qxc3 45. bxc3 Bf8 46. Nc2
Kg7 47. Ke2 Kf6 48. Kd3 Ke5 49. c4 Kf4 50. a4 bxc4+ 51. Kxc4 Kg3 52. Nb4 Kxg2
53. Nxa6 Kxh3 54. a5 h4 55. Nc7 Kg2 56. a6 h3 57. a7 h2 58. a8=Q Bd6 59. Qa2+
Kg1 60. Qb1+ Kg2 61. Qb2+ Kh3 62. Qc1 Kg2 63. Qd2+ Kxf3 64. Nb5 1-0

[Event "Abu Dhabi Festival Open"]
[Site "Abu Dhabi UAE"]
[Date "2009.08.15"]
[Round "4"]
[White "Amin, B."]
[Black "Agamaliev, G."]
[Result "1-0"]
[WhiteElo "2551"]
[BlackElo "2490"]
[PlyCount "91"]
[EventDate "2009.08.12"]
[EventType "swiss"]
[EventRounds "9"]
[EventCountry "UAE"]
[Source "Mark Crowther"]
[SourceDate "2009.08.17"]

1. e4 c5 2. Nf3 Nc6 3. d3 g6 4. g3 Bg7 5. Bg2 e6 6. O-O Nge7 7. c3 d5 8. Re1 h6
9. h4 O-O 10. e5 f6 11. exf6 Rxf6 12. Be3 b6 13. Qd2 Qf8 14. Bf4 Bd7 15. Ne5
Nxe5 16. Bxe5 Rf7 17. Na3 Bxe5 18. Rxe5 Qg7 19. Rae1 Raf8 20. R5e2 Nf5 21. Nc2
g5 22. hxg5 hxg5 23. Re5 Qh6 24. g4 Ng7 25. f3 Rf4 26. d4 c4 27. Ne3 Be8 28.
Nd1 R8f6 29. Nf2 Qh4 30. Qe3 Rh6 31. Re2 Bg6 32. Nh3 Qg3 33. Rxe6 Nxe6 34.
Qxe6+ Rf7 35. Nxg5 Qh2+ 36. Kf1 Qf4 37. Nxf7 Bxf7 38. Qe3 Qh2 39. f4 Qh4 40. g5
Re6 41. Qf2 Qg4 42. Bxd5 Rxe2 43. Bxf7+ Kf8 44. Qxe2 Qxf4+ 45. Qf2 Qc1+ 46. Kg2
1-0

[Event "Abu Dhabi Festival Open"]
[Site "Abu Dhabi UAE"]
[Date "2009.08.15"]
[Round "4"]
[White "Bocharov, D."]
[Black "Zdebskaja, N."]
[Result "1-0"]
[WhiteElo "2613"]
[BlackElo "2412"]
[PlyCount "107"]
[EventDate "2009.08.12"]
[EventType "swiss"]
[EventRounds "9"]
[EventCountry "UAE"]
[Source "Mark Crowther"]
[SourceDate "2009.08.17"]

1. d4 Nf6 2. c4 e6 3. Nf3 d5 4. Nc3 Bb4 5. cxd5 exd5 6. Bg5 Nbd7 7. Rc1 c6 8.
a3 Bxc3+ 9. Rxc3 O-O 10. e3 h6 11. Bf4 Ne4 12. Rc1 g5 13. Bg3 Ndf6 14. Bd3 Bf5
15. O-O Nxg3 16. hxg3 Bxd3 17. Qxd3 Ne4 18. Nd2 Nxd2 19. Qxd2 f5 20. b4 a6 21.
a4 Qd6 22. Rc5 f4 23. exf4 gxf4 24. gxf4 Qxf4 25. Qd3 Rf5 26. b5 axb5 27. axb5
Ra1 28. Rc2 Rxf1+ 29. Kxf1 Rf6 30. bxc6 bxc6 31. g3 Qg4 32. Re2 Qh3+ 33. Kg1
Qd7 34. Re5 Qg7 35. Qe3 Qg6 36. Kg2 Kh7 37. f4 Qc2+ 38. Kh3 Rf7 39. Qf3 Qb1 40.
f5 Rf6 41. g4 Qc1 42. Qe3 Qxe3+ 43. Rxe3 h5 44. Kh4 hxg4 45. Kxg4 Rf7 46. Kg5
Kg7 47. Re6 Rc7 48. Rh6 c5 49. f6+ Kg8 50. dxc5 Rxc5 51. Kg6 Rc7 52. Rh1 d4 53.
Ra1 Rc8 54. Ra7 1-0

[Event "Abu Dhabi Festival Open"]
[Site "Abu Dhabi UAE"]
[Date "2009.08.15"]
[Round "4"]
[White "Galojan, L."]
[Black "Simonian, H."]
[Result "1/2-1/2"]
[WhiteElo "2338"]
[BlackElo "2520"]
[PlyCount "245"]
[EventDate "2009.08.12"]
[EventType "swiss"]
[EventRounds "9"]
[EventCountry "UAE"]
[Source "Mark Crowther"]
[SourceDate "2009.08.17"]

1. d4 Nf6 2. c4 b6 3. Nc3 Bb7 4. Qc2 d5 5. cxd5 Nxd5 6. e4 Nxc3 7. bxc3 e6 8.
Nf3 Be7 9. Bb5+ c6 10. Bd3 c5 11. Bb5+ Bc6 12. a4 O-O 13. O-O Bb7 14. Bb2 cxd4
15. cxd4 a6 16. Bd3 Nc6 17. Qe2 Nb4 18. Bc4 Rc8 19. Rfc1 Rc7 20. Bb3 Rxc1+ 21.
Rxc1 Qa8 22. Re1 Bf6 23. Nd2 Rd8 24. Qe3 h6 25. Nc4 b5 26. Na5 Nc6 27. Nxc6
Bxc6 28. axb5 axb5 29. Ra1 Qb7 30. Bc2 Qc7 31. Rd1 b4 32. Bb1 b3 33. Rd2 Rb8
34. Qg3 Qd8 35. Qe3 Qa5 36. Bc3 Qb6 37. Bb2 Ba8 38. h3 Qa5 39. Bc3 Qc7 40. f4
Be7 41. Bb2 Qa5 42. Qd3 Ba3 43. Bxa3 Qxa3 44. d5 Qc1+ 45. Kh2 exd5 46. exd5 Kf8
47. Kg3 g6 48. Qd4 Kg8 49. Rd1 b2 50. d6 Bc6 51. Qd2 Qc5 52. Kh2 Bd7 53. Re1
Rb6 54. Rd1 Kg7 55. Kh1 Rb8 56. Kh2 h5 57. Kh1 Kh7 58. Kh2 h4 59. Qe1 Qh5 60.
Qe7 Kg7 61. Rd2 Qb5 62. Qxh4 Rh8 63. Qf2 Rb8 64. Qd4+ Kg8 65. Qf6 Qf1 66. Bxg6
fxg6 67. Qxg6+ Kf8 68. Qf6+ Kg8 69. Qg6+ Kf8 70. Qf6+ Kg8 71. Rxb2 Rxb2 72.
Qd8+ Kf7 73. Qxd7+ Kf6 74. Qe7+ Kg6 75. Qe6+ Kh7 76. Qf7+ Kh8 77. Qf6+ Kh7 78.
Qxb2 Qxf4+ 79. g3 Qxd6 80. h4 Qd3 81. Qb7+ Kg6 82. Qc6+ Kh7 83. Qc7+ Kg6 84.
Qf4 Kh7 85. Qf7+ Kh8 86. Qf8+ Kh7 87. Qe7+ Kg6 88. Qe6+ Kh7 89. h5 Qd2+ 90. Kh3
Qf2 91. Qe4+ Kh8 92. g4 Qf1+ 93. Kh4 Qf2+ 94. Kh3 Qf1+ 95. Qg2 Qd3+ 96. Kh2 Qd1
97. Qb2+ Kh7 98. Qb7+ Kh6 99. Qe4 Kg5 100. Qf5+ Kh4 101. Kg2 Qc1 102. Kf3 Qc3+
103. Ke4 Qc4+ 104. Ke5 Qc5+ 105. Ke6 Qc6+ 106. Kf7 Qc4+ 107. Kg7 Qc7+ 108. Kg6
Kh3 109. g5+ Kh4 110. Qe4+ Kg3 111. Qe3+ Kh4 112. Qd4+ Kg3 113. h6 Qc2+ 114.
Kf6 Qc6+ 115. Ke5 Qe8+ 116. Kf5 Qc8+ 117. Ke5 Qe8+ 118. Kd5 Qd7+ 119. Ke4 Qg4+
120. Kd3 Qd1+ 121. Kc4 Qa4+ 122. Kd5 Qd7+ 123. Ke5 1/2-1/2

[Event "Abu Dhabi Festival Open"]
[Site "Abu Dhabi UAE"]
[Date "2009.08.15"]
[Round "4"]
[White "Salem, AR."]
[Black "Pourkashiyan, A."]
[Result "1/2-1/2"]
[WhiteElo "2469"]
[BlackElo "2304"]
[PlyCount "84"]
[EventDate "2009.08.12"]
[EventType "swiss"]
[EventRounds "9"]
[EventCountry "UAE"]
[Source "Mark Crowther"]
[SourceDate "2009.08.17"]

1. d4 Nf6 2. c4 e6 3. Nc3 Bb4 4. e3 O-O 5. Bd3 d5 6. Nf3 c5 7. O-O dxc4 8. Bxc4
Nbd7 9. a3 cxd4 10. axb4 dxc3 11. bxc3 Qc7 12. Bd3 b6 13. Qe2 Bb7 14. e4 Rfd8
15. Ra3 Ne5 16. Nxe5 Qxe5 17. f3 a5 18. b5 Rac8 19. Kh1 Qd6 20. Bc4 Nd7 21. Rd1
Qc5 22. Ra4 Ne5 23. Rxd8+ Rxd8 24. Be3 Qd6 25. Bb3 Qc7 26. Rd4 h6 27. Qd2 Rxd4
28. cxd4 Nd7 29. Bf4 Qd8 30. Qc3 Qf6 31. Bd6 Bxe4 32. Qc8+ Kh7 33. Qxd7 Qxd4
34. h3 Bxf3 35. Bc2+ f5 36. gxf3 Qf2 37. Bxf5+ exf5 38. Qxf5+ Kh8 39. Qf8+ Kh7
40. Qf5+ Kh8 41. Qc8+ Kh7 42. Qf5+ Kh8 1/2-1/2

[Event "Abu Dhabi Festival Open"]
[Site "Abu Dhabi UAE"]
[Date "2009.08.15"]
[Round "4"]
[White "Omar, Abdulr"]
[Black "Drozdovskij, Y."]
[Result "0-1"]
[WhiteElo "2064"]
[BlackElo "2620"]
[PlyCount "43"]
[EventDate "2009.08.12"]
[EventType "swiss"]
[EventRounds "9"]
[EventCountry "UAE"]
[Source "Mark Crowther"]
[SourceDate "2009.08.17"]

1. c4 e5 2. Nc3 Nf6 3. Nf3 Nc6 4. d3 d5 5. Bg5 d4 6. Nd5 Be7 7. Bxf6 Bxf6 8. b4
Be6 9. Nxf6+ Qxf6 10. b5 Nb8 11. Qc1 Nd7 12. g3 e4 13. dxe4 d3 14. Rb1 O-O-O
15. Nd2 Nc5 16. exd3 Rxd3 17. Nb3 Nxe4 18. Qc2 Rdd8 19. Bg2 Bf5 20. O-O Nc3 21.
Qb2 Nxb1 22. Nd2 0-1

[Event "Abu Dhabi Festival Open"]
[Site "Abu Dhabi UAE"]
[Date "2009.08.15"]
[Round "4"]
[White "Omar, Abdulw"]
[Black "El Gindy, E."]
[Result "0-1"]
[WhiteElo "2061"]
[BlackElo "2501"]
[PlyCount "66"]
[EventDate "2009.08.12"]
[EventType "swiss"]
[EventRounds "9"]
[EventCountry "UAE"]
[Source "Mark Crowther"]
[SourceDate "2009.08.17"]

1. c4 c5 2. Nc3 Nc6 3. g3 g6 4. Bg2 Bg7 5. e4 d6 6. Nge2 h5 7. h4 a6 8. a3 Rb8
9. Rb1 b5 10. cxb5 axb5 11. b4 c4 12. O-O Nh6 13. Bb2 O-O 14. Nd5 Ne5 15. Nef4
Bg4 16. f3 Bd7 17. Ne3 Ra8 18. Kh2 e6 19. d4 cxd3 20. Nxd3 Bc6 21. Qd2 Qb6 22.
Rfc1 Bxe4 23. fxe4 Qxe3 24. Qxe3 Neg4+ 25. Kg1 Nxe3 26. e5 Nxg2 27. Kxg2 Rfd8
28. exd6 Bxb2 29. Rxb2 Rxa3 30. Ne5 Rxd6 31. Rc5 Rd5 32. Rxd5 exd5 33. Rd2 Nf5
0-1

[Event "Abu Dhabi Festival Open"]
[Site "Abu Dhabi UAE"]
[Date "2009.08.15"]
[Round "4"]
[White "Ali, L."]
[Black "Yousif, A."]
[Result "1/2-1/2"]
[WhiteElo "2308"]
[BlackElo "2061"]
[PlyCount "64"]
[EventDate "2009.08.12"]
[EventType "swiss"]
[EventRounds "9"]
[EventCountry "UAE"]
[Source "Mark Crowther"]
[SourceDate "2009.08.17"]

1. d4 d5 2. c4 c6 3. Nc3 Nf6 4. Nf3 e6 5. g3 Bb4 6. Bg2 Ne4 7. Bd2 Bxc3 8. Bxc3
O-O 9. Qc2 a5 10. O-O Nd7 11. Rad1 b5 12. cxd5 cxd5 13. Ne5 Nxc3 14. Qxc3 Bb7
15. Nd3 Rc8 16. Qd2 b4 17. h4 Qb6 18. Qe3 Ba6 19. Rc1 Bxd3 20. Qxd3 f5 21. Qe3
Rc4 22. Rcd1 Rfc8 23. Rd2 Nf6 24. f3 h6 25. Qe5 Nd7 26. Qf4 Qc7 27. Qxc7 R8xc7
28. Kf2 Nf6 29. Re1 Rc2 30. Ke3 g5 31. hxg5 hxg5 32. Red1 g4 1/2-1/2

[Event "Abu Dhabi Festival Open"]
[Site "Abu Dhabi UAE"]
[Date "2009.08.15"]
[Round "4"]
[White "Pabalan, R."]
[Black "AlHuwar, J."]
[Result "1-0"]
[WhiteElo "2033"]
[BlackElo "2297"]
[PlyCount "49"]
[EventDate "2009.08.12"]
[EventType "swiss"]
[EventRounds "9"]
[EventCountry "UAE"]
[Source "Mark Crowther"]
[SourceDate "2009.08.17"]

1. e4 g6 2. d4 Bg7 3. Nf3 d6 4. Bc4 c6 5. Nbd2 b5 6. Bb3 Nf6 7. h3 O-O 8. O-O
Bb7 9. Re1 Qc7 10. e5 Nd5 11. c4 bxc4 12. Nxc4 a5 13. Bg5 Nd7 14. Bxe7 dxe5 15.
Bd6 Qd8 16. Bxf8 Qxf8 17. Ncxe5 N7b6 18. Rc1 Bh6 19. Rc5 Qd6 20. a3 a4 21. Ba2
Bf8 22. Qc1 Rc8 23. Ra5 Qf6 24. Ra7 Rb8 25. Bxd5 1-0

[Event "Abu Dhabi Festival Open"]
[Site "Abu Dhabi UAE"]
[Date "2009.08.15"]
[Round "4"]
[White "Abdulkarim, A."]
[Black "Adu, O."]
[Result "0-1"]
[WhiteElo "1913"]
[BlackElo "2276"]
[PlyCount "40"]
[EventDate "2009.08.12"]
[EventType "swiss"]
[EventRounds "9"]
[EventCountry "UAE"]
[Source "Mark Crowther"]
[SourceDate "2009.08.17"]

1. d4 Nf6 2. c4 g6 3. Nc3 Bg7 4. e4 d6 5. f3 O-O 6. Be3 Nc6 7. Rc1 e5 8. Nge2
Re8 9. Qd2 exd4 10. Nxd4 Bd7 11. g3 a6 12. Bg2 Ne5 13. Nd5 c5 14. Ne2 Nxd5 15.
cxd5 Bb5 16. O-O Nc4 17. Rxc4 Bxc4 18. b3 Bb5 19. Re1 Bd7 20. Bg5 Qc7 0-1

[Event "Abu Dhabi Festival Open"]
[Site "Abu Dhabi UAE"]
[Date "2009.08.15"]
[Round "4"]
[White "Nirmal, E."]
[Black "Waleed, Y."]
[Result "1-0"]
[WhiteElo "2268"]
[BlackElo "2024"]
[PlyCount "48"]
[EventDate "2009.08.12"]
[EventType "swiss"]
[EventRounds "9"]
[EventCountry "UAE"]
[Source "Mark Crowther"]
[SourceDate "2009.08.17"]

1. d4 d5 2. c4 e6 3. Nc3 Nf6 4. Bg5 Nbd7 5. e3 c6 6. cxd5 exd5 7. Qc2 Be7 8.
Bd3 O-O 9. Nf3 Re8 10. h3 c5 11. O-O cxd4 12. exd4 Nf8 13. Rfe1 Be6 14. Rac1
Rc8 15. Qb3 Ne4 16. Bf4 Ng6 17. Bh2 Bg5 18. Rc2 Bf4 19. Qxb7 Bxh2+ 20. Kxh2
Qd6+ 21. g3 f5 22. Nb5 Qb4 23. Rec1 Nd6 24. Nxd6 Qxd6 1-0

[Event "Abu Dhabi Festival Open"]
[Site "Abu Dhabi UAE"]
[Date "2009.08.16"]
[Round "5"]
[White "Amin, B."]
[Black "Anastasian, A."]
[Result "1/2-1/2"]
[WhiteElo "2551"]
[BlackElo "2566"]
[PlyCount "91"]
[EventDate "2009.08.12"]
[EventType "swiss"]
[EventRounds "9"]
[EventCountry "UAE"]
[Source "Mark Crowther"]
[SourceDate "2009.08.17"]

1. e4 c6 2. d4 d5 3. exd5 cxd5 4. c4 Nf6 5. Nc3 e6 6. Nf3 Nc6 7. cxd5 Nxd5 8.
Bd3 Be7 9. O-O O-O 10. Re1 Bf6 11. Be4 Nce7 12. Qd3 g6 13. Bh6 Re8 14. h4 Bd7
15. Bxd5 Nxd5 16. Nxd5 exd5 17. Bg5 Rxe1+ 18. Rxe1 Bg4 19. Re5 Rc8 20. Ne1 Qd6
21. Bxf6 Qxf6 22. Qe3 h5 23. Re8+ Rxe8 24. Qxe8+ Kg7 25. Qe5 Qxe5 26. dxe5 f6
27. exf6+ Kxf6 28. f3 Bf5 29. Kf2 Ke5 30. Ke3 d4+ 31. Ke2 Bb1 32. a3 Kd5 33.
Nd3 Kc4 34. Nc1 Bf5 35. Kd2 d3 36. Ke3 b6 37. Kd2 a5 38. Ke3 a4 39. Kd2 Kd4 40.
Na2 Be6 41. Nc3 Bd7 42. Ne4 Kc4 43. Kc1 Bf5 44. Nd2+ Kd4 45. Kd1 b5 46. Ke1
1/2-1/2

[Event "Abu Dhabi Festival Open"]
[Site "Abu Dhabi UAE"]
[Date "2009.08.16"]
[Round "5"]
[White "Ghaem Maghami, E."]
[Black "Kengis, E."]
[Result "1/2-1/2"]
[WhiteElo "2589"]
[BlackElo "2543"]
[PlyCount "88"]
[EventDate "2009.08.12"]
[EventType "swiss"]
[EventRounds "9"]
[EventCountry "UAE"]
[Source "Mark Crowther"]
[SourceDate "2009.08.17"]

1. d4 Nf6 2. c4 g6 3. Nc3 d5 4. cxd5 Nxd5 5. Bd2 Bg7 6. e4 Nxc3 7. Bxc3 O-O 8.
Bc4 c5 9. d5 Bxc3+ 10. bxc3 Qa5 11. Ne2 Nd7 12. O-O Ne5 13. Bb3 c4 14. Qd4 cxb3
15. Qxe5 b2 16. Rab1 Qxa2 17. Qxe7 a5 18. Qc5 Bd7 19. Qb6 Qc4 20. Nd4 Qxc3 21.
Qxb2 Qd3 22. Rfe1 a4 23. Rbd1 Qa6 24. Qa3 Rfe8 25. e5 Qc4 26. Nf3 Bf5 27. e6
fxe6 28. d6 Qb3 29. Qc1 a3 30. Nd4 Qb2 31. Qxb2 axb2 32. Nxf5 exf5 33. Rxe8+
Rxe8 34. Kf1 Ra8 35. d7 Rd8 36. Rb1 Rxd7 37. Rxb2 Kf7 38. Rb6 Ke7 39. h4 Kd8
40. h5 Kc7 41. Rf6 b5 42. hxg6 hxg6 43. Rxg6 b4 44. Ke2 Rd5 1/2-1/2

[Event "Abu Dhabi Festival Open"]
[Site "Abu Dhabi UAE"]
[Date "2009.08.16"]
[Round "5"]
[White "Drozdovskij, Y."]
[Black "Savchenko, S."]
[Result "1/2-1/2"]
[WhiteElo "2620"]
[BlackElo "2526"]
[PlyCount "50"]
[EventDate "2009.08.12"]
[EventType "swiss"]
[EventRounds "9"]
[EventCountry "UAE"]
[Source "Mark Crowther"]
[SourceDate "2009.08.17"]

1. d4 d5 2. c4 c6 3. Nf3 Nf6 4. e3 Bg4 5. h3 Bh5 6. cxd5 Bxf3 7. Qxf3 cxd5 8.
Nc3 Nc6 9. Bd2 e6 10. Bd3 Be7 11. O-O O-O 12. Qe2 g6 13. Rfc1 Rc8 14. Na4 Ne4
15. Be1 Bd6 16. Rc2 f5 17. Rac1 Bb8 18. b4 Qd6 19. g3 Rce8 20. Nc5 Nxc5 21.
Rxc5 Ne7 22. b5 b6 23. R5c2 Rc8 24. Rxc8 Rxc8 25. Rxc8+ Nxc8 1/2-1/2

[Event "Abu Dhabi Festival Open"]
[Site "Abu Dhabi UAE"]
[Date "2009.08.16"]
[Round "5"]
[White "Simonian, H."]
[Black "Ghader Pour, S."]
[Result "1-0"]
[WhiteElo "2520"]
[BlackElo "2172"]
[PlyCount "83"]
[EventDate "2009.08.12"]
[EventType "swiss"]
[EventRounds "9"]
[EventCountry "UAE"]
[Source "Mark Crowther"]
[SourceDate "2009.08.17"]

1. e4 e5 2. Nf3 Nc6 3. Bb5 a6 4. Ba4 Nf6 5. O-O Be7 6. Bxc6 dxc6 7. d3 Nd7 8.
b3 f6 9. Nh4 O-O 10. Nf5 Nb8 11. Be3 c5 12. Qg4 Bxf5 13. exf5 Nc6 14. Nd2 Nb4
15. a3 Nd5 16. Ne4 b6 17. Bh6 Rf7 18. c4 Nf4 19. Bxf4 exf4 20. Rad1 Qd4 21.
Qxf4 Bd6 22. Qf3 Rd8 23. Rd2 Be5 24. g3 Qd7 25. Kg2 Re7 26. Rfd1 Bd4 27. a4 a5
28. h4 Re5 29. g4 Qc6 30. Re2 Rde8 31. Rde1 Kf7 32. Ng5+ fxg5 33. Qxc6 Rxe2 34.
Rxe2 Rxe2 35. Qxc7+ Kf8 36. Qd8+ Kf7 37. hxg5 Rxf2+ 38. Kg3 Re2 39. Qxb6 Re3+
40. Kf4 Rxd3 41. Qe6+ Kf8 42. f6 1-0

[Event "Abu Dhabi Festival Open"]
[Site "Abu Dhabi UAE"]
[Date "2009.08.16"]
[Round "5"]
[White "Sturua, Z."]
[Black "Al Sharif, H."]
[Result "1-0"]
[WhiteElo "2513"]
[BlackElo "2109"]
[PlyCount "115"]
[EventDate "2009.08.12"]
[EventType "swiss"]
[EventRounds "9"]
[EventCountry "UAE"]
[Source "Mark Crowther"]
[SourceDate "2009.08.17"]

1. d4 c5 2. d5 e6 3. Nc3 exd5 4. Nxd5 d6 5. e4 Nc6 6. Ne2 Nf6 7. Bg5 Be7 8.
Nxe7 Qxe7 9. Nc3 h6 10. Bh4 O-O 11. Bd3 g5 12. Bg3 d5 13. O-O dxe4 14. Re1 Bf5
15. h4 Rad8 16. hxg5 hxg5 17. Qc1 Rfe8 18. Qxg5+ Bg6 19. Bh4 Kg7 20. Qxf6+ Qxf6
21. Bxf6+ Kxf6 22. Nxe4+ Bxe4 23. Bxe4 Ne5 24. b3 b6 25. Rad1 Rd4 26. Rxd4 cxd4
27. Rd1 Rd8 28. c3 d3 29. f4 Ng6 30. g3 d2 31. Kf2 Ne7 32. Ke3 Rg8 33. Kf3 Rd8
34. g4 Ke6 35. c4 f5 36. gxf5+ Nxf5 37. Bd5+ Kf6 38. Rxd2 Rh8 39. Be4 Rh3+ 40.
Kf2 Rh4 41. Bxf5 Rxf4+ 42. Ke3 Rxf5 43. Rf2 Rxf2 44. Kxf2 Ke5 45. Ke3 Kd6 46.
b4 Ke5 47. Kd3 Ke6 48. Ke4 Kd6 49. Kf5 a6 50. Ke4 a5 51. bxa5 bxa5 52. Kd4 Kc6
53. c5 Kc7 54. Kd5 Kd7 55. c6+ Kc7 56. a4 Kc8 57. Kc5 Kc7 58. Kb5 1-0

[Event "Abu Dhabi Festival Open"]
[Site "Abu Dhabi UAE"]
[Date "2009.08.16"]
[Round "5"]
[White "Saeed, I."]
[Black "Galojan, L."]
[Result "1-0"]
[WhiteElo "2188"]
[BlackElo "2338"]
[PlyCount "111"]
[EventDate "2009.08.12"]
[EventType "swiss"]
[EventRounds "9"]
[EventCountry "UAE"]
[Source "Mark Crowther"]
[SourceDate "2009.08.17"]

1. d4 Nf6 2. c4 d6 3. Nc3 g6 4. e4 Bg7 5. f3 O-O 6. Be3 Nc6 7. Nge2 a6 8. Qd2
Rb8 9. Rc1 Bd7 10. Nd1 e5 11. d5 Ne7 12. g3 Nh5 13. Bg2 f5 14. O-O fxe4 15.
fxe4 Rxf1+ 16. Kxf1 Nf6 17. Nf2 b6 18. b4 Qf8 19. Kg1 c5 20. dxc6 Nxc6 21. a3
Be6 22. Qd3 a5 23. b5 Na7 24. Nc3 Nc8 25. Nd5 Rb7 26. Rf1 Qd8 27. Bh3 Qe8 28.
Kg2 h6 29. Bxe6+ Qxe6 30. Nxf6+ Bxf6 31. Ng4 Bg7 32. Nxh6+ Kh7 33. Nf5 gxf5 34.
exf5 Qf6 35. g4 e4 36. Qd5 Qf7 37. Qxe4 Re7 38. Qd3 Kh8 39. f6 Bxf6 40. g5 Qh7
41. Qxh7+ Kxh7 42. gxf6 Rf7 43. Bd4 Kg6 44. a4 Rh7 45. Kg3 Kf7 46. h4 d5 47.
cxd5 Rh5 48. Kg4 Rxd5 49. Rf4 Nd6 50. h5 Nc4 51. h6 Rd8 52. Kg5 Rd5+ 53. Kg4
Rd8 54. h7 Rh8 55. Re4 Nd6 56. Re7+ 1-0

[Event "Abu Dhabi Festival Open"]
[Site "Abu Dhabi UAE"]
[Date "2009.08.16"]
[Round "5"]
[White "Pourkashiyan, A."]
[Black "Antonio, V."]
[Result "0-1"]
[WhiteElo "2304"]
[BlackElo "2107"]
[PlyCount "96"]
[EventDate "2009.08.12"]
[EventType "swiss"]
[EventRounds "9"]
[EventCountry "UAE"]
[Source "Mark Crowther"]
[SourceDate "2009.08.17"]

1. e4 c5 2. Nf3 d6 3. d4 cxd4 4. Nxd4 Nf6 5. Nc3 g6 6. Be2 Bg7 7. O-O O-O 8.
Be3 Nc6 9. Nb3 Be6 10. f4 Qc8 11. Kh1 Bg4 12. Bg1 Rb8 13. a4 b6 14. Nd4 Bxe2
15. Qxe2 Qb7 16. Rad1 Rfd8 17. e5 dxe5 18. fxe5 Ne8 19. Rxf7 Nxd4 20. Qc4 Qc6
21. Rxg7+ Kxg7 22. Rxd4 Qxc4 23. Rxc4 Rbc8 24. Rh4 Nc7 25. h3 Nd5 26. Ne4 h6
27. c3 Rf8 28. Bd4 g5 29. Rg4 Rf4 30. Kg1 Rxg4 31. hxg4 Nf4 32. Ng3 Kg6 33. Nf5
Rc7 34. Ng3 Ne6 35. Be3 Nc5 36. Kf1 Nxa4 37. Bc1 Rc5 38. e6 Re5 39. Nf5 Rxe6
40. Nd4 Re4 41. Nc6 a5 42. Kf2 Kf6 43. b3 Nxc3 44. Kf3 Re6 45. Nd4 Rd6 46. Bb2
e5 47. Nf5 Rd3+ 48. Kf2 Rd2+ 0-1

[Event "Abu Dhabi Festival Open"]
[Site "Abu Dhabi UAE"]
[Date "2009.08.16"]
[Round "5"]
[White "El Arousy, A."]
[Black "Pabalan, R."]
[Result "1/2-1/2"]
[WhiteElo "2295"]
[BlackElo "2033"]
[PlyCount "116"]
[EventDate "2009.08.12"]
[EventType "swiss"]
[EventRounds "9"]
[EventCountry "UAE"]
[Source "Mark Crowther"]
[SourceDate "2009.08.17"]

1. d4 d5 2. c4 e6 3. Nc3 c6 4. cxd5 exd5 5. Qc2 Ne7 6. Bf4 Na6 7. e3 Nb4 8. Qd2
Bf5 9. Rc1 Ng6 10. Bg3 a5 11. a3 Na6 12. Na4 Be7 13. Nf3 O-O 14. Be2 b5 15. Nc5
Nxc5 16. dxc5 Be4 17. Nd4 Qc8 18. O-O Bf6 19. a4 b4 20. b3 Re8 21. h3 Bg5 22.
Bg4 f5 23. Bh5 Rf8 24. Bxg6 hxg6 25. f3 Re8 26. fxe4 Rxe4 27. Rf3 Qd7 28. Bf4
Bf6 29. Rg3 Kf7 30. Nf3 Ree8 31. Bg5 Qc7 32. Qf2 Bc3 33. Nd4 Re4 34. h4 Kg8 35.
Rf3 Rae8 36. h5 Rg4 37. Bf4 Qf7 38. hxg6 Qxg6 39. Rg3 Qh5 40. Rxg4 Qxg4 41.
Nxc6 g5 42. Bd6 Kf7 43. Nd4 Kg6 44. Nb5 d4 45. exd4 Re2 46. Qf3 Bxd4+ 47. Nxd4
Qxd4+ 48. Kh1 Re8 49. Bh2 Rh8 50. Rd1 Qxc5 51. Qd5 Qxd5 52. Rxd5 f4 53. Kg1 Rc8
54. Rxa5 Rc3 55. Kf2 Rxb3 56. Rb5 Rb1 57. Kf3 Rh1 58. Kg4 Rxh2 1/2-1/2

[Event "Abu Dhabi Festival Open"]
[Site "Abu Dhabi UAE"]
[Date "2009.08.16"]
[Round "5"]
[White "Mona, K."]
[Black "Nirmal, E."]
[Result "0-1"]
[WhiteElo "2094"]
[BlackElo "2268"]
[PlyCount "68"]
[EventDate "2009.08.12"]
[EventType "swiss"]
[EventRounds "9"]
[EventCountry "UAE"]
[Source "Mark Crowther"]
[SourceDate "2009.08.17"]

1. d4 Nf6 2. Nf3 g6 3. e3 Bg7 4. c4 O-O 5. Nc3 d6 6. Be2 Nbd7 7. O-O e5 8. b4
Re8 9. a4 exd4 10. exd4 c5 11. Ba3 cxd4 12. Nxd4 a6 13. Rc1 Ne5 14. h3 Bd7 15.
b5 Rc8 16. Nb1 axb5 17. axb5 Ne4 18. f4 Qb6 19. fxe5 dxe5 20. c5 Nxc5 21. Bxc5
Rxc5 22. Bc4 Rxc4 23. Rxc4 exd4 24. Rb4 Qc5 25. Qb3 Be6 26. Qa4 Bd5 27. Nd2 Re2
28. Rf2 d3 29. Rbf4 Rxd2 30. b6 Rxf2 31. Qe8+ Bf8 32. Rxf2 d2 33. Qe2 Qc1+ 34.
Rf1 Bc4 0-1

[Event "Abu Dhabi Festival Open"]
[Site "Abu Dhabi UAE"]
[Date "2009.08.16"]
[Round "5"]
[White "Yousif, A."]
[Black "Salem, AR."]
[Result "0-1"]
[WhiteElo "2061"]
[BlackElo "2469"]
[PlyCount "58"]
[EventDate "2009.08.12"]
[EventType "swiss"]
[EventRounds "9"]
[EventCountry "UAE"]
[Source "Mark Crowther"]
[SourceDate "2009.08.17"]

1. e4 c5 2. Nc3 Nc6 3. f4 g6 4. Nf3 Bg7 5. Bc4 d6 6. O-O e6 7. d3 Nge7 8. Qe1
O-O 9. Bb3 Na5 10. Be3 b6 11. a3 Nxb3 12. cxb3 d5 13. Bc1 Ba6 14. e5 Bxd3 15.
Rf2 d4 16. Ne4 Qd5 17. Neg5 h6 18. Rd2 Bf5 19. Qh4 Qxb3 20. Nh3 Nd5 21. a4 Ne3
22. Ne1 Rfd8 23. Nf2 Qc4 24. Nfd3 a5 25. Qf2 Qd5 26. Nf3 Rac8 27. Nde1 Qb7 28.
b3 Nd5 29. Qe2 Nxf4 0-1

[Event "Abu Dhabi Festival Open"]
[Site "Abu Dhabi UAE"]
[Date "2009.08.16"]
[Round "5"]
[White "Zdebskaja, N."]
[Black "Barve, S."]
[Result "1-0"]
[WhiteElo "2412"]
[BlackElo "2034"]
[PlyCount "79"]
[EventDate "2009.08.12"]
[EventType "swiss"]
[EventRounds "9"]
[EventCountry "UAE"]
[Source "Mark Crowther"]
[SourceDate "2009.08.17"]

1. e4 d5 2. exd5 Nf6 3. Bb5+ Bd7 4. Be2 Bf5 5. Nf3 Nxd5 6. d4 e6 7. O-O Be7 8.
a3 O-O 9. c4 Nb6 10. Nc3 c6 11. Be3 N8d7 12. h3 Nf6 13. Nh4 Bg6 14. Nxg6 hxg6
15. b4 Qc7 16. Qb3 Rac8 17. a4 Rfd8 18. Rac1 a6 19. Rfd1 Nbd7 20. a5 Bd6 21. d5
exd5 22. cxd5 Bf4 23. dxc6 Bxe3 24. cxd7 Bxf2+ 25. Kxf2 Qf4+ 26. Bf3 Ne4+ 27.
Nxe4 Rxc1 28. Rxc1 Qxc1 29. Nc5 Qd2+ 30. Kf1 Qc1+ 31. Ke2 g5 32. Qe3 Qc4+ 33.
Kf2 Kf8 34. Qxg5 f6 35. Qd2 Ke7 36. Qe2+ Qxe2+ 37. Kxe2 Rb8 38. Bxb7 Kd8 39.
Bc6 Kc7 40. Nxa6+ 1-0

[Event "Abu Dhabi Festival Open"]
[Site "Abu Dhabi UAE"]
[Date "2009.08.17"]
[Round "6"]
[White "Andriasian, Z."]
[Black "Amin, B."]
[Result "1/2-1/2"]
[WhiteElo "2585"]
[BlackElo "2551"]
[PlyCount "25"]
[EventDate "2009.08.12"]
[EventType "swiss"]
[EventRounds "9"]
[EventCountry "UAE"]
[Source "Mark Crowther"]
[SourceDate "2009.08.17"]

1. e4 e5 2. Nf3 Nc6 3. Bb5 a6 4. Ba4 Nf6 5. d3 d6 6. c3 g6 7. O-O Bg7 8. Re1
O-O 9. d4 b5 10. Bb3 Bg4 11. Be3 d5 12. exd5 exd4 13. dxc6 1/2-1/2